logo

Bir Sreshtho Munshi Abdur Rouf Library
Jhenaidah Cadet College

নবেল বিজয়ী নাট্যকার স্যামুয়েল বেকেটের পনেরটি নাটক / (Record no. 3529)

MARC details
000 -LEADER
fixed length control field 00951nam a2200253 a 4500
001 - CONTROL NUMBER
JCCL Control Number 3529
003 - CONTROL NUMBER IDENTIFIER
JCCL marc code BD-JhCC
005 - DATE AND TIME OF LATEST TRANSACTION
control field 20180122104602.0
008 - FIXED-LENGTH DATA ELEMENTS--GENERAL INFORMATION
fixed length control field 171114s2006 bg a|||| ||a| 000 0 ben d
020 ## - INTERNATIONAL STANDARD BOOK NUMBER
International Standard Book Number 9844222097
035 ## - SYSTEM CONTROL NUMBER
system control number (BD-JhCC)3529
040 ## - CATALOGING SOURCE
Original cataloging agency BD-JhCC
Modifying agency BD-JhCC
041 ## - LANGUAGE CODE
Language code of Book ben
082 ## - DEWEY DECIMAL CLASSIFICATION NUMBER
Classification number 822.33
Author mark and Year BAK 2006
100 ## - MAIN ENTRY--PERSONAL NAME
Personal name বেকেট, স্যামুয়েল
245 ## - TITLE STATEMENT
Title নবেল বিজয়ী নাট্যকার স্যামুয়েল বেকেটের পনেরটি নাটক /
Statement of responsibility, etc স্যামুয়েল বেকেট; কবীর চৌধুরী ও শাহীন কবীর (অনু.)
260 ## - PUBLICATION, DISTRIBUTION, ETC. (IMPRINT)
Place of publication, distribution, etc ঢাকা :
Name of publisher, distributor, etc বিদ্যাপ্রকাশ,
Date of publication, distribution, etc 2006
300 ## - PHYSICAL DESCRIPTION
Pagination 414 p. :
Dimensions 22 cm.
650 ## - SUBJECT ADDED ENTRY--TOPICAL TERM
Topical term or geographic name as entry element English Drama
700 ## - ADDED ENTRY--PERSONAL NAME
Personal name চৌধুরী, কবীর
700 ## - ADDED ENTRY--PERSONAL NAME
Personal name কবীর, শাহীন
942 ## - ADDED ENTRY ELEMENTS (KOHA)
Source of classification or shelving scheme Dewey Decimal Classification
Koha item type Books
Holdings
Source of classification or shelving scheme Damaged status Not for loan Home library Current library Shelving location Date of accession Cost, normal purchase price Total Checkouts Full call number Barcode Date last seen Copy number Koha item type
Dewey Decimal Classification     JCC Rouf Library JCC Rouf Library General Stacks 11/14/2017 325.00   822.33 BAK 2006 4793 11/14/2017 C-1 Books

JCC Library | Contacts | JCC Home

Last Update on 23 September 2017
Copyright @ 2017-2020 JCC Rouf Library
Rouf Library, Jhenidah Cadet College (JCC), Bangladesh